000 00257nam a2200109Ia 4500
008 200302s9999 xx 000 0 und d
100 _aBodo Cichy
245 _aThe Great ages of Architecture
260 _bOldbourne Press
260 _c1964
300 _a440 P.,
999 _c2402
_d2402